Statistics for Prime Ministers of Hungary by Picture

Click here to take the quiz!

General Stats

  • This quiz has been taken 24 times
  • The average score is 23 of 45

Answer Stats

Answer% Correct
Viktor Orbán
95%
Ferenc Gyurcsány
90%
János Kádár
85%
Lajos Kossuth
85%
Mátyás Rákosi
85%
Ferenc Nagy
80%
Imre Nagy
80%
Gordon Bajnai
75%
Lajos Batthyány
75%
Ferenc Szálasi
70%
József Antall
70%
Pál Teleki
70%
Péter Medgyessy
70%
Gyula Gömbös
65%
Gyula Horn
60%
István Bethlen
60%
Döme Sztójay
55%
Gyula Károlyi
55%
Mihály Károlyi
55%
Miklós Németh
55%
Béla Imrédy
50%
László Bárdossy
50%
Péter Boross
50%
Béla Miklós
45%
Gyula Peidl
45%
Károly Grósz
45%
Zoltán Tildy
45%
András Hegedüs
40%
Miklós Kállay
40%
Géza Lakatos
35%
Gyula Kállai
35%
Lajos Dinnyés
35%
Ferenc Keresztes-Fischer
30%
Ferenc Münnich
30%
István Dobi
30%
István Friedrich
30%
Jenő Fock
30%
Kálmán Darányi
30%
Sándor Garbai
30%
Dénes Berinkey
25%
Desző Pattantyús-Ábrahám
25%
György Lázár
25%
Károly Huszár
25%
Sándor Simonyi-Semadam
25%
Ádám Récsey
20%

Score Distribution

Percentile by Number Answered

Percent of People with Each Score

Your Score History

You have not taken this quiz